000 00985cam a2200193 4500
001 RV120704
008 021206n2001 000 0 eng u
035 _a(Sirsi) u120704
245 _aProject management review
260 _c2001
520 _aReading list on project management services and activities. The review is divided into the following sections: British standards, forms of agreements and associated guidance, overviews and guides, briefing and managing the client and project team, project planning, programming and administration, risk analysis, quality management and performance targets, and other sources. Gives details of articles, books, audio-visual materials and relevant organisations. Update of 1998 review R688. Available from library price £4.00.
650 _aPROJECT PLANNING
650 _aREADING LISTS
650 _aPROJECT TEAMS
650 _aRISK ANALYSIS
650 _aQUALITY MANAGEMENT
690 _aProject management
_96261
942 _n0
999 _c102546
_d102546